000 00524nam a2200181Ia 4500
008 100920s9999 xx 000 0 und d
082 _b95110
_a891.463.1 न 06
100 _aसंपा:शेख मुबारक.
245 _aआगाज.
260 _bपायल पब्लिकेशन, पुणे.
_c2006
300 _a136
_bसाधी
365 _b130
520 _aलघुकथा.
630 _aआगाज.
650 _aलघुकथा.
730 _aआगाज.
942 _cBOOK
999 _c735552
_d735549